01334nam a2200313 a 4500001001200000003000800012006001900020007001500039008004100054010001700095020002800112040002100140035002100161050002600182082001800208100003800226245010700264260005400371300001500425504006400440533015200504600005300656600005300709650006200762650002400824655002900848710001700877856012600894ebr10001643CaPaEBRm u cr cn|||||||||010822s2001 mou sb s001 0 eng  z 2001040986 z0826213731 (alk. paper) aCaPaEBRcCaPaEBR a(OCoLC)30029894214aPS1642.T5bG88 2001eb04a810.9/3842211 aGuthrie, James R.q(James Robert)10aAbove timeh[electronic resource] :bEmerson's and Thoreau's temporal revolutions /cJames R. Guthrie. aColumbia :bUniversity of Missouri Press,cc2001. axi, 262 p. aIncludes bibliographical references (p. 253-257) and index. aElectronic reproduction.bPalo Alto, Calif. :cebrary,d2013.nAvailable via World Wide Web.nAccess may be limited to ebrary affiliated libraries.10aEmerson, Ralph Waldo,d1803-1882xViews on time.10aThoreau, Henry David,d1817-1862xViews on time. 0aAmerican literaturey19th centuryxHistory and criticism. 0aTime in literature. 7aElectronic books.2local2 aebrary, Inc.40uhttp://site.ebrary.com/lib/rucke/Doc?id=10001643zAn electronic book accessible through the World Wide Web; click to view